| 000 | 00710nam a22002057a 4500 | ||
|---|---|---|---|
| 999 |
_c12413 _d12413 |
||
| 003 | AR-CdUCM | ||
| 008 | 190408b ||||| |||| 00| 0 spa d | ||
| 040 |
_aMUNICIPALIDAD PROVINCIAL DEL CUSCO _cBIBLIOTECA MUNICIPAL DEL CUSCO |
||
| 082 |
_a800.8 / _bA38 / 1922 |
||
| 100 |
_aAlfonso x _930256 |
||
| 245 |
_aAlfonso X el sabio : _bAntologías / |
||
| 260 |
_aMadrid : _bJimenez-Fraud, _c1922. |
||
| 300 |
_a275 paginas ; _c16 cm. |
||
| 440 |
_aColección Granada _930257 |
||
| 505 | _aContenido :Cantigas de Santa Maria --Cantigas profanas --Primera crónica general --General e grand historia / | ||
| 650 |
_aMusica _91443 |
||
| 650 |
_aHistoria _9136 |
||
| 942 |
_2ddc _cLIBROS |
||
| 945 |
_arjall _d2019-04-08 |
||